| 000 | 00633nam a22001817a 4500 | ||
|---|---|---|---|
| 005 | 20220831100339.0 | ||
| 008 | 100422t1963 xxu||||g |||| 000 0 arb d | ||
| 040 |
_aEG-ScBUE _cEG-ScBUE |
||
| 082 |
_222 _a297.29 _bع ق ا |
||
| 100 |
_98135 _aالعقاد, عباس محمود. |
||
| 245 |
_aما يقال عن الإسلام / _cعباس محمود العقاد |
||
| 260 |
_aبيروت: _bالمكتبة العصرية ، [1963] _c[1963] |
||
| 300 |
_a232؛ _c24 سم. |
||
| 500 | _aإهداء علاء عبد الغنى | ||
| 650 |
_914347 _aالإسلام _xدفع مطاعن _2BUEsh |
||
| 651 | _2BUEsh | ||
| 942 |
_2ddc _cBB |
||
| 999 |
_c13931 _d13931 |
||